| Tag |
First Indicator |
Second Indicator |
Subfields |
| LEADER |
00000cam a2200000ua 4500 |
| 001 |
in00001220421 |
| 005 |
20151002095856.0 |
| 008 |
920915s1993 nyua j 001 0 eng d |
| 020 |
|
|
|a 0028260325 (student ed.)
|
| 020 |
|
|
|a 0028265866 (teacher wraparound ed.)
|
| 020 |
|
|
|a 0028261739 (teacher resource manual)
|
| 020 |
|
|
|a 0028261747 (discovery activities)
|
| 035 |
|
|
|a (OCoLC)31929458
|
| 035 |
|
|
|9 AGQ9169AM
|
| 040 |
|
|
|a VT2
|c VT2
|d TXA
|d UtOrBLW
|
| 049 |
|
|
|a TXAM
|
| 090 |
|
|
|a Q161.2
|b .S36 1993
|
| 245 |
0 |
0 |
|a Science interactions.
|n Course 1.
|
| 264 |
|
1 |
|a New York, N.Y. :
|b Glencoe,
|c [1993]
|
| 264 |
|
4 |
|c ©1993
|
| 300 |
|
|
|a xxviii, 676 pages :
|b color illustrations ;
|c 26 cm. +
|e teacher wraparound ed. (1 volume (various pagings) : color illustrations ; 29 cm.) + teacher resource manual (410 pages : illustrations ; 28 cm.) + discovery activities (xi, 103 pages : illustrations ; 26 cm.)
|
| 336 |
|
|
|a text
|b txt
|2 rdacontent
|
| 337 |
|
|
|a unmediated
|b n
|2 rdamedia
|
| 338 |
|
|
|a volume
|b nc
|2 rdacarrier
|
| 500 |
|
|
|a "Authors, Bill Aldridge [and others]"--p. iii.
|
| 500 |
|
|
|a Copyright year in teacher wraparound edition and teacher resource manual vary from year in student text.
|
| 500 |
|
|
|a Texas appear on cover of teacher wraparound edition and teacher resource manual.
|
| 500 |
|
|
|a For middle and junior high school students.
|
| 500 |
|
|
|a Includes index.
|
| 650 |
|
0 |
|a Science.
|
| 700 |
1 |
|
|a Aldridge, Bill G.
|
| 999 |
|
|
|a MARS
|
| 999 |
f |
f |
|s 49f2d722-f3be-3d05-a2b4-1e8fe148c9c0
|i eb3e74a3-f4da-363f-99ec-1993ed7ef4e0
|t 0
|
| 952 |
f |
f |
|p ric
|a Texas A&M University
|b Rellis Campus
|c Joint Library Facility
|d Remote Storage
|t 0
|e Q161.2 .S36 1993
|h Library of Congress classification
|i unmediated -- volume
|k Student ed.
|m A14818018608
|
| 952 |
f |
f |
|p ric
|a Texas A&M University
|b Rellis Campus
|c Joint Library Facility
|d Remote Storage
|t 0
|e Q161.2 .S36 1993
|h Library of Congress classification
|i unmediated -- volume
|k Teacher ed.
|m A14818018616
|
| 998 |
f |
f |
|a Q161.2 .S36 1993
|s "Student ed."
|t 0
|l Remote Storage
|